00370 a2200121 4500001000900000005001700009008004100026245004200067100002300109700002300132773007600155999001700231ART_983720260410161839.0260409a 10aLa empresa y su estructura financiera1 aWajchman, Mauricio1 aWajchman, Bernardo0 tContabilidad y administracióng- Año 7, Nº 73 (jul. 1983)wREV5485 c23902d23902